00390 2200157 4500001002100000005001500021035002000036245004500056100001200101300002700113260003600140082000800176084001400184020002200198990001200220INLIS00000000000186720250515111712 a0010-05250001591 aMy First Islamic Encyclopebee /cSundoro0 aSundoro a40 hlm ;c21 x 28,5 cm aJakarta :bPustaka Lebah,c2012 a200 a200 SUN m a978-602-8798-21-1 a0754813